The West Bengal Factories Rules, 1958 / (Record no. 12514)

000 -LEADER
fixed length control field 00447nam a22001457a 4500
008 - FIXED-LENGTH DATA ELEMENTS--GENERAL INFORMATION
fixed length control field 210204b ||||| |||| 00| 0 eng d
041 0# - LANGUAGE CODE
Language code of text/sound track or separate title eng
082 00 - DEWEY DECIMAL CLASSIFICATION NUMBER
Classification number 344.548
Item number W399
110 ## - MAIN ENTRY--CORPORATE NAME
9 (RLIN) 4683
Corporate name or jurisdiction name as entry element Government. of. West Bengal
245 10 - TITLE STATEMENT
Title The West Bengal Factories Rules, 1958 /
260 ## - PUBLICATION, DISTRIBUTION, ETC. (IMPRINT)
Place of publication, distribution, etc West Bengal :
Name of publisher, distributor, etc West Bengal Government,
Date of publication, distribution, etc 1968.
300 ## - PHYSICAL DESCRIPTION
Extent 146p.
650 #0 - SUBJECT ADDED ENTRY--TOPICAL TERM
Topical term or geographic name as entry element Factory Laws and Legislation
942 ## - ADDED ENTRY ELEMENTS (KOHA)
Item type Books
Holdings
Withdrawn status Lost status Source of classification or shelving scheme Damaged status Not for loan Permanent location Current location Date acquired Full call number Barcode Date last seen Koha item type
          IMU Kolkata IMU Kolkata 1972-06-26 344.548 W399 03819 2021-02-04 Books
Designed and Maintained by IMU-KC Library, Kolkata Campus © Copyright All Rights Reserved

webs counters

Powered by Koha